Statistics for UFC Flyweight Champions

Click here to take the quiz!

General Stats

  • This quiz has been taken 35 times
    (29 since last reset)
  • The average score is 6 of 7

Answer Stats

YearBantamweight% Correct
2023 (Incumbent)Alexandre Pantoja
100%
2023Brandon Moreno
100%
2022-2021Brandon Moreno
100%
2018-2012Demetrious Johnson
88%
2019-2018Henry Cejudo
88%
2023-2022Deiveson Figueiredo
71%
2021-2020Deiveson Figueiredo
71%

Score Distribution

Percentile by Number Answered

Percent of People with Each Score

Your Score History

You have not taken this quiz since the last reset